| 000 | 00468nam a2200169 a 4500 | ||
|---|---|---|---|
| 005 | 20140412111308.0 | ||
| 008 | 010424s19uu xx 00 eng d | ||
| 020 | _a0-395-70736-6 | ||
| 050 |
_aTR(GS 513 _bO49 1994 |
||
| 100 | _aOlyff, Clotilde | ||
| 245 |
_a123 . . . / _cby Clotilde Olyff. |
||
| 260 |
_aNew York : _bTicknor & Fields Books for Young Readers, _c1994. |
||
| 300 | _a1 v. (unp.) ; ill. | ||
| 650 | _aNumbers | ||
| 650 | _aCounting | ||
| 999 |
_c103792 _d103792 |
||